Differentialgeometrie in Vektorräumen : unter besonderer Berücksichtigung der unendlichdimensionalen Räume.
Guardado en:
| Autor Principal: | |
|---|---|
| Formato: | Libro |
| Idioma: | German |
| Publicado: |
Braunschweig :
F. Vieweg,
[c1965]
|
| Materias: | |
| Etiquetas: |
Agregar Etiqueta
Sin Etiquetas, Sea el primero en etiquetar este registro!
|
| LEADER | 00633cam a22001931a 4500 | ||
|---|---|---|---|
| 001 | MAT.inmabb005543 | ||
| 008 | 750324s1965####xx############000#0#ger## | ||
| 005 | 20170823142135.0 | ||
| 245 | 1 | 0 | |a Differentialgeometrie in Vektorräumen : |b unter besonderer Berücksichtigung der unendlichdimensionalen Räume. |
| 260 | |a Braunschweig : |b F. Vieweg, |c [c1965] | ||
| 300 | |a vi, 90 p. ; |c 21 cm. | ||
| 504 | |a Bibliografía: p. 85-88. | ||
| 510 | 4 | |a MR, |c 32 #406 | |
| 100 | 1 | |a Laugwitz, Detlef. | |
| 650 | 0 | |a Geometry, Differential. | |
| 084 | |a 53.00 |2 MR | ||
| 010 | |a 65082482 | ||
| 040 | |a DLC |c OTU |d DLC | ||
| 859 | |h 53 |i L374v |p A-2718 |b BIB. MATEMATICA | ||
